হুমায়ূন আহমেদ রচনাবলী ৩ / (Record no. 903)
[ view plain ]
| 000 -LEADER | |
|---|---|
| fixed length control field | 02077nam a22002417a 4500 |
| 003 - CONTROL NUMBER IDENTIFIER | |
| control field | BD-DhCDI |
| 005 - DATE AND TIME OF LATEST TRANSACTION | |
| control field | 20251112034516.0 |
| 008 - FIXED-LENGTH DATA ELEMENTS--GENERAL INFORMATION | |
| fixed length control field | 251112b bg ||||| |||| 00| 0 ben d |
| 020 ## - INTERNATIONAL STANDARD BOOK NUMBER | |
| International Standard Book Number | 9789845025287 |
| Qualifying information | hard cover |
| 040 ## - CATALOGING SOURCE | |
| Original cataloging agency | BD-DhCDI |
| Language of cataloging | BD-DhCDI |
| Transcribing agency | BD-DhCDI |
| 082 ## - DEWEY DECIMAL CLASSIFICATION NUMBER | |
| Edition number | 23 |
| Classification number | 891.443 |
| Item number | HUM 2010 |
| 100 ## - MAIN ENTRY--PERSONAL NAME | |
| Personal name | আহমেদ, হুমায়ূন |
| Dates associated with a name | 1948-2012 |
| Relator term | লেখক |
| 9 (RLIN) | 1649 |
| 245 ## - TITLE STATEMENT | |
| Title | হুমায়ূন আহমেদ রচনাবলী ৩ / |
| Statement of responsibility, etc. | হুমায়ূন আহমেদ |
| 246 ## - VARYING FORM OF TITLE | |
| Title proper/short title | Humayun ahmed rochona boli 3. |
| 260 ## - PUBLICATION, DISTRIBUTION, ETC. | |
| Place of publication, distribution, etc. | ঢাকা; |
| Name of publisher, distributor, etc. | অন্যপ্রকাশ, |
| Date of publication, distribution, etc. | [২০১০] |
| 300 ## - PHYSICAL DESCRIPTION | |
| Extent | 615 p.: |
| Dimensions | 22 cm. |
| 504 ## - BIBLIOGRAPHY, ETC. NOTE | |
| Bibliography, etc. note | Include Bibliography |
| 520 ## - SUMMARY, ETC. | |
| Summary, etc. | এই বইটি বাংলাদেশের অন্যতম জনপ্রিয় কথাসাহিত্যিক হুমায়ূন আহমেদ-এর সাহিত্যজীবনের বহুমাত্রিক সাফল্যের প্রতিচ্ছবি। লেখককে তুলনা করা হয়েছে এক যাদুকরের সঙ্গে, যার প্রতিটি রচনাই পাঠকের মনে মুগ্ধতার জোয়ার আনে।<br/>তাঁর সাহিত্যকর্ম শুধু বাংলাদেশেই নয়, অনূদিত হয়ে বিদেশেও প্রশংসা কুড়িয়েছে।<br/>রচনাবলীর এই তৃতীয় খণ্ডে রয়েছে উপন্যাস, ছোটগল্প, বিজ্ঞানকল্পকাহিনি, হিমু সিরিজ, আখ্যানমালা ও নাটক—যা হুমায়ূন আহমেদ সাহিত্যের বৈচিত্র্য ও গভীরতা তুলে ধরে। |
| 650 ## - SUBJECT ADDED ENTRY--TOPICAL TERM | |
| Topical term or geographic name entry element | Bengali Literature |
| 651 ## - SUBJECT ADDED ENTRY--GEOGRAPHIC NAME | |
| Geographic name | Collected Works |
| 9 (RLIN) | 1650 |
| 700 ## - ADDED ENTRY--PERSONAL NAME | |
| Personal name | চৌধুরী, সালেহ |
| Relator term | সম্পাদিত |
| 9 (RLIN) | 1651 |
| 942 ## - ADDED ENTRY ELEMENTS (KOHA) | |
| Source of classification or shelving scheme | Dewey Decimal Classification |
| Koha item type | Books |
| Withdrawn status | Lost status | Source of classification or shelving scheme | Damaged status | Not for loan | Collection code | Home library | Current library | Shelving location | Date acquired | Source of acquisition | Total Checkouts | Full call number | Barcode | Date due | Date last seen | Date last checked out | Copy number | Price effective from | Koha item type |
|---|---|---|---|---|---|---|---|---|---|---|---|---|---|---|---|---|---|---|---|
| Dewey Decimal Classification | Fiction | Caritas Development Institute Library | Caritas Development Institute Library | New Materials Shelf | 25/09/2025 | Purchase | 3 | 891.443 HUM 2010 | 12330 | 09/04/2026 | 30/03/2026 | 30/03/2026 | 1 | 12/11/2025 | Books |